MARC details
| 000 -LEADER |
| fixed length control field |
01908cam a22004095a 4500 |
| 001 - CONTROL NUMBER |
| control field |
L141434 |
| 008 - FIXED-LENGTH DATA ELEMENTS--GENERAL INFORMATION |
| fixed length control field |
050322s2008 000 0 eng u |
| 020 ## - INTERNATIONAL STANDARD BOOK NUMBER |
| International Standard Book Number |
9781905391448 |
| 035 ## - SYSTEM CONTROL NUMBER |
| System control number |
(Sirsi) u141434 |
| 041 0# - LANGUAGE CODE |
| Language code of text/sound track or separate title |
eng |
| 050 04 - LIBRARY OF CONGRESS CALL NUMBER |
| Classification number |
346.41043 $2 18 |
| 100 1# - MAIN ENTRY--PERSONAL NAME |
| Personal name |
Butt, Paul |
| 245 00 - TITLE STATEMENT |
| Title |
Commercial property |
| Remainder of title |
2008 |
| 250 ## - EDITION STATEMENT |
| Edition statement |
15th ed. |
| 260 ## - PUBLICATION, DISTRIBUTION, ETC. |
| Place of publication, distribution, etc. |
Guildford |
| Name of publisher, distributor, etc. |
College of Law |
| Date of publication, distribution, etc. |
2008 |
| 300 ## - PHYSICAL DESCRIPTION |
| Extent |
xxvi, 421p. |
| Dimensions |
30cm. |
| 505 2# - FORMATTED CONTENTS NOTE |
| Formatted contents note |
Site acquisitions -- Commercial leases -- Residential tenancies |
| 520 ## - SUMMARY, ETC. |
| Summary, etc. |
Discusses the legal issues surrounding site acquisitions, town and country planning requirements, the principles of commercial leases and the termination of leases. Examines residential landlord and tenant law and its potential impact on sites bought for commercial development. Includes the 2007 Code for Leasing Business Premises, and Land Registry requirements for prescribes clauses leases Covers the implications of the Disability Discrimination Act for property owners. Case law and legislation is current to 31 August 2007. |
| 521 2# - TARGET AUDIENCE NOTE |
| Target audience note |
Advanced |
| 590 ## - LOCAL NOTE (RLIN) |
| Local note |
KA |
| 650 24 - SUBJECT ADDED ENTRY--TOPICAL TERM |
| Topical term or geographic name entry element |
ASSURED SHORTHOLD TENANCIES |
| 650 24 - SUBJECT ADDED ENTRY--TOPICAL TERM |
| Topical term or geographic name entry element |
ASSURED TENANCIES |
| 650 24 - SUBJECT ADDED ENTRY--TOPICAL TERM |
| Topical term or geographic name entry element |
DISABILITY DISCRIMINATION ACT 1995 |
| 650 24 - SUBJECT ADDED ENTRY--TOPICAL TERM |
| Topical term or geographic name entry element |
ASBESTOS AT WORK REGULATIONS 2002 REG 4 |
| 650 24 - SUBJECT ADDED ENTRY--TOPICAL TERM |
| Topical term or geographic name entry element |
LANDLORD AND TENANT ACT 1954 PART II |
| 650 24 - SUBJECT ADDED ENTRY--TOPICAL TERM |
| Topical term or geographic name entry element |
PROTECTION FROM EVICTION ACT 1977 |
| 650 24 - SUBJECT ADDED ENTRY--TOPICAL TERM |
| Topical term or geographic name entry element |
CRIMINAL LAW ACT 1977 |
| 650 24 - SUBJECT ADDED ENTRY--TOPICAL TERM |
| Topical term or geographic name entry element |
LANDLORD AND TENANT ACT 1985 S11 |
| 650 24 - SUBJECT ADDED ENTRY--TOPICAL TERM |
| Topical term or geographic name entry element |
LANDLORD AND TENANT ACT 1987 |
| 650 24 - SUBJECT ADDED ENTRY--TOPICAL TERM |
| Topical term or geographic name entry element |
LEASEHOLD REFORM, HOUSING AND URBAN DEVELOPMENT ACT 1993 |
| 650 24 - SUBJECT ADDED ENTRY--TOPICAL TERM |
| Topical term or geographic name entry element |
DISABILITY DISCRIMINATION ACT 2005 |
| 651 #4 - SUBJECT ADDED ENTRY--GEOGRAPHIC NAME |
| Geographic name |
United Kingdom |
| Chronological subdivision |
|
| 690 ## - LOCAL SUBJECT ADDED ENTRY--TOPICAL TERM (OCLC, RLIN) |
| Topical term or geographic name as entry element |
PROPERTY-COMMERCIAL PROPERTY |
| 690 ## - LOCAL SUBJECT ADDED ENTRY--TOPICAL TERM (OCLC, RLIN) |
| Topical term or geographic name as entry element |
ENVIRONMENTAL AND LAND CONSULTANCY-PLANNING AND DEVELOPMENT |
| 690 ## - LOCAL SUBJECT ADDED ENTRY--TOPICAL TERM (OCLC, RLIN) |
| Topical term or geographic name as entry element |
PROPERTY-RESIDENTIAL PROPERTY-RESIDENTIAL LANDLORD AND TENANT-RESIDENTIAL TENANCIES |
| 942 ## - ADDED ENTRY ELEMENTS (KOHA) |
| Suppress in OPAC |
0 |